[Event "Pyramiden Cup 2016"]
[Site "Fuerth"]
[Date "2016.09.02"]
[Round "2.40"]
[White "Siewert, Wolfgang"]
[Black "Herlan, Klaus-Juergen"]
[Result "0-1"]
[WhiteElo "1736"]
[BlackElo "1977"]
[PlyCount "76"]
[EventDate "2016.??.??"]
[WhiteTeam "SV Ei Reichenbrand"]
[BlackTeam "SK Marmstorf"]

1. d4 d5 2. c4 c6 3. cxd5 cxd5 4. Nc3 Nf6 5. Nf3 Nc6 6. Bf4 a6 7. e3 Nh5 8. Bg3
Nxg3 9. hxg3 e6 10. a3 b5 11. Rc1 Bb7 12. Bd3 g6 13. b4 Bg7 14. Qb3 Qe7 15. Rb1
O-O 16. a4 bxa4 17. Nxa4 e5 18. dxe5 Nxe5 19. Nxe5 Bxe5 20. Nc5 Rfc8 21. Be2 a5
22. Nxb7 Qxb7 23. O-O a4 24. Qa2 a3 25. Bf3 Ra7 26. Bxd5 Qc7 27. Rb3 Bb2 28.
Rxb2 axb2 29. Qxb2 Qd6 30. e4 Rb8 31. Rb1 Rc7 32. b5 Qb6 33. Qa2 Ra7 34. Qb3
Rc7 35. Qa2 Qc5 36. Qb3 Rb6 37. Qe3 Rxb5 38. Qxc5 Rxb1+ 0-1

[Event "Pyramiden Cup 2016"]
[Site "Fuerth"]
[Date "2016.09.02"]
[Round "2.41"]
[White "Cordts, Elof"]
[Black "Faralisz, Patrick"]
[Result "0-1"]
[WhiteElo "1649"]
[BlackElo "1793"]
[PlyCount "112"]
[EventDate "2016.??.??"]
[WhiteTeam "SC Erlangen"]
[BlackTeam "SC NT Nürnberg"]

1. e4 e5 2. Nf3 Nc6 3. Bc4 Bc5 4. c3 Nf6 5. d3 a6 6. O-O d6 7. Bb3 O-O 8. h3
Ba7 9. Bg5 h6 10. Bh4 Re8 11. Nbd2 Be6 12. Bc2 g5 13. Bg3 Nh5 14. Bh2 Nf4 15.
Bxf4 gxf4 16. Nh2 Qf6 17. Qf3 Kh8 18. Kh1 Ne7 19. Bb3 Rg8 20. Rg1 Qh4 21. Raf1
Rg7 22. g3 fxg3 23. Rxg3 Ng6 24. Rfg1 Rag8 25. Ng4 Nf4 26. Bxe6 fxe6 27. Nf1 h5
28. Ngh2 Qxh3 29. d4 Qh4 30. Rxg7 Rxg7 31. Rxg7 Kxg7 32. Qg3+ Qxg3 33. fxg3 Ng6
34. Nf3 exd4 35. cxd4 e5 36. dxe5 Nxe5 37. N3d2 Bd4 38. b3 Kg6 39. Kg2 Kg5 40.
Nh2 Bc3 41. Ndf1 c6 42. Ne3 Nd3 43. Nd1 Bf6 44. Nf3+ Kg6 45. a3 Nc5 46. Nd2 Bg5
47. b4 Bxd2 48. bxc5 dxc5 49. Kf3 Bc1 50. a4 b5 51. Nc3 Bd2 52. axb5 axb5 53.
Nd1 c4 54. Ke2 Ba5 55. Ne3 Bc7 56. Kf3 c3 0-1

[Event "Pyramiden Cup 2016"]
[Site "Fuerth"]
[Date "2016.09.02"]
[Round "2.42"]
[White "Thesing, Ansgar"]
[Black "Schoebel, Klaus"]
[Result "1-0"]
[WhiteElo "1983"]
[BlackElo "1742"]
[PlyCount "77"]
[EventDate "2016.??.??"]
[WhiteTeam "SC Kreuzberg"]
[BlackTeam "SK Herzogenaurach"]

1. e4 e5 2. Nc3 Nf6 3. g3 d6 4. Bg2 Be7 5. Nge2 O-O 6. d4 Nbd7 7. O-O exd4 8.
Nxd4 Ne5 9. f4 Nc6 10. Nxc6 bxc6 11. e5 Nd7 12. Bxc6 Rb8 13. exd6 cxd6 14. Nd5
Nf6 15. Nxe7+ Qxe7 16. Re1 Qc7 17. Bf3 Bb7 18. Bxb7 Rxb7 19. b3 h5 20. Bb2 Qc5+
21. Bd4 Qf5 22. Qf3 Rc7 23. c4 Nh7 24. Qf2 Nf6 25. Qf3 Nh7 26. Rad1 Ng5 27. Qd3
Nh3+ 28. Kg2 Qg4 29. Qf3 Qg6 30. Kxh3 Rfc8 31. Bb2 a5 32. Rd5 Rc5 33. Rxc5 Rxc5
34. Re8+ Kh7 35. Qe4 f5 36. Qe6 Qg4+ 37. Kg2 Re5 38. Qg8+ Kg6 39. Re6+ 1-0

[Event "Pyramiden Cup 2016"]
[Site "Fuerth"]
[Date "2016.09.02"]
[Round "2.43"]
[White "Riedel, Lutz"]
[Black "Lehmann, Tornalf"]
[Result "1-0"]
[WhiteElo "2033"]
[BlackElo "1675"]
[PlyCount "21"]
[EventDate "2016.??.??"]
[WhiteTeam "SK Krumbach"]
[BlackTeam "SC Heilsbronn"]

1. Nf3 Nf6 2. g3 d5 3. Bg2 Bf5 4. O-O e6 5. d4 Be7 6. c4 O-O 7. Qb3 Qc8 8. Nc3
c6 9. Nh4 dxc4 10. Qxc4 Bc2 11. e4 1-0

[Event "Pyramiden Cup 2016"]
[Site "Fuerth"]
[Date "2016.09.02"]
[Round "2.44"]
[White "Miosga, Stefan"]
[Black "Merkel, Luis"]
[Result "0-1"]
[WhiteElo "1871"]
[BlackElo "1571"]
[PlyCount "44"]
[EventDate "2016.??.??"]
[WhiteTeam "SP Plesse Bovenden"]
[BlackTeam "SG Büchenbach/Roth"]

1. e4 e5 2. Nf3 Nc6 3. Bb5 a6 4. Bxc6 dxc6 5. O-O f6 6. d4 exd4 7. Nxd4 Bd6 8.
Nf5 Bxf5 9. exf5 g6 10. Re1+ Ne7 11. Qd3 Qd7 12. fxg6 O-O-O 13. g7 Rhg8 14.
Qxh7 Nf5 15. Bh6 Nxh6 16. Qxh6 Rxg7 17. Qxf6 Bxh2+ 18. Kxh2 Rh8+ 19. Kg1 Rxg2+
20. Kf1 Rg1+ 21. Kxg1 Qg4+ 22. Kf1 Rh1# 0-1

[Event "Pyramiden Cup 2016"]
[Site "Fuerth"]
[Date "2016.09.02"]
[Round "2.45"]
[White "Michel, Philipp"]
[Black "Pfadenhauer, Tobias"]
[Result "0-1"]
[WhiteElo "1683"]
[BlackElo "1819"]
[PlyCount "106"]
[EventDate "2016.??.??"]
[WhiteTeam "SC Erlangen"]
[BlackTeam "Kronacher SK"]

1. e4 e6 2. d4 d5 3. e5 c5 4. c3 Nc6 5. Bd3 Qb6 6. Nf3 cxd4 7. cxd4 Bd7 8. Be2
Nge7 9. Nc3 Nf5 10. O-O Nfxd4 11. Nxd4 Qxd4 12. Qxd4 Nxd4 13. Bf4 Nxe2+ 14.
Nxe2 Bb5 15. Rfe1 Bxe2 16. Rxe2 Be7 17. Rc2 Kd7 18. Rac1 Rac8 19. Kf1 Rxc2 20.
Rxc2 Rc8 21. Rxc8 Kxc8 22. Ke2 Kd7 23. Be3 a6 24. a4 Kc6 25. Kd3 Bc5 26. Bd4
Bxd4 27. Kxd4 b5 28. a5 b4 29. b3 Kb5 30. g4 g5 31. h3 Kc6 32. Ke3 Kb5 33. Kd4
Kxa5 34. Kc5 d4 35. Kxd4 Kb5 36. f4 gxf4 37. Ke4 a5 38. Kxf4 a4 39. bxa4+ Kxa4
40. Kg5 b3 41. Kh6 b2 42. h4 b1=Q 43. h5 Qe4 44. Kg7 Qxg4+ 45. Kh6 Qf4+ 46. Kg7
Qxe5+ 47. Kh6 f5 48. Kg5 f4+ 49. Kg4 Qe3 50. h6 f3 51. Kg3 f2+ 52. Kh2 Qf4+ 53.
Kh1 f1=Q# 0-1

[Event "Pyramiden Cup 2016"]
[Site "Fuerth"]
[Date "2016.09.02"]
[Round "2.46"]
[White "Straschewski, Joerg"]
[Black "Dreiseitel, Werner"]
[Result "1-0"]
[WhiteElo "1927"]
[BlackElo "1599"]
[PlyCount "63"]
[EventDate "2016.??.??"]
[WhiteTeam "TSV Cadolzburg"]
[BlackTeam "SG Fürth"]

1. d4 d5 2. c4 c6 3. cxd5 cxd5 4. Nc3 Nf6 5. Bf4 a6 6. e3 Qb6 7. Bd3 Qxb2 8.
Nge2 e6 9. O-O Be7 10. Na4 Qb4 11. Rb1 Qa5 12. Nb6 O-O 13. Nxa8 Nc6 14. Nb6 Nb4
15. Nxc8 Rxc8 16. Qd2 b5 17. Rfc1 Rxc1+ 18. Rxc1 g6 19. f3 Qxa2 20. Qxa2 Nxa2
21. Rc7 Bf8 22. Be5 Kg7 23. g4 h6 24. h4 Nb4 25. Bb1 g5 26. hxg5 hxg5 27. Ng3
a5 28. Nh5+ Kh6 29. Nxf6 Kg7 30. Nxd5+ Kg8 31. Nf6+ Kg7 32. Nd7+ 1-0

[Event "Pyramiden Cup 2016"]
[Site "Fuerth"]
[Date "2016.09.02"]
[Round "2.47"]
[White "Meulner, Fabian"]
[Black "Hirn, Thomas"]
[Result "1-0"]
[WhiteElo "1870"]
[BlackElo "1734"]
[PlyCount "41"]
[EventDate "2016.??.??"]
[WhiteTeam "SW Nürnberg Süd"]
[BlackTeam "TuS Fürstenfeldbruck"]

1. e4 c5 2. Nf3 e6 3. d4 cxd4 4. Nxd4 a6 5. Nc3 Nc6 6. Be3 Qc7 7. Qd2 Bb4 8.
O-O-O Nge7 9. f3 Ng6 10. Kb1 O-O 11. h4 Nxd4 12. Bxd4 e5 13. Nd5 Bxd2 14. Nxc7
exd4 15. Rxd2 Ra7 16. Rxd4 b5 17. Nd5 Bb7 18. h5 Bxd5 19. hxg6 Bxa2+ 20. Kxa2
fxg6 21. Be2 1-0

[Event "Pyramiden Cup 2016"]
[Site "Fuerth"]
[Date "2016.09.02"]
[Round "2.48"]
[White "Gress, Patrick Daniel"]
[Black "Khalil, Shayar"]
[Result "1-0"]
[WhiteElo "1362"]
[BlackElo "1846"]
[PlyCount "67"]
[EventDate "2016.??.??"]
[WhiteTeam "SK Herzogenaurach"]
[BlackTeam "SC Ansbach"]

1. Nf3 Nf6 2. g3 d5 3. c4 e6 4. b3 c5 5. Bb2 Nc6 6. e3 d4 7. exd4 cxd4 8. d3
Bb4+ 9. Nbd2 O-O 10. Bg2 a5 11. O-O e5 12. a3 Bc5 13. Re1 Bg4 14. h3 Bxf3 15.
Nxf3 Re8 16. Nd2 Qd7 17. Kh2 Re7 18. Qc2 Qf5 19. Re2 Rae8 20. Rae1 Qd7 21. Bc1
Qd6 22. Qb2 Na7 23. Ne4 Nxe4 24. Bxe4 b5 25. Qa1 bxc4 26. bxc4 a4 27. f4 f6 28.
fxe5 fxe5 29. Bg5 Rc7 30. Ra2 h6 31. Bd2 Rb8 32. Kg2 Nc6 33. Rb1 Rcc8 34. Rb5
1-0

[Event "Pyramiden Cup 2016"]
[Site "Fuerth"]
[Date "2016.09.02"]
[Round "2.49"]
[White "Mix, Thomas"]
[Black "Boese, Christina"]
[Result "1-0"]
[WhiteElo "1927"]
[BlackElo "1555"]
[PlyCount "95"]
[EventDate "2016.??.??"]
[WhiteTeam "SF Brannenburg"]
[BlackTeam "SC Bechhofen"]

1. c4 e6 2. Nc3 Nf6 3. g3 d5 4. cxd5 exd5 5. d4 c6 6. Bg2 Bf5 7. Nf3 Bd6 8. O-O
O-O 9. a3 Nbd7 10. b4 a6 11. Na4 Re8 12. Nc5 Nxc5 13. bxc5 Bc7 14. h3 Qc8 15.
g4 Be6 16. Qc2 h5 17. Bg5 hxg4 18. hxg4 Bxg4 19. Bxf6 Bxf3 20. exf3 gxf6 21.
Rfe1 Rf8 22. Rab1 Bf4 23. Re7 Rb8 24. Qd3 Kh8 25. Kf1 Rg8 26. Rxf7 Rg7 27. Rxf6
Bg5 28. Rf5 Qg8 29. Re1 Bh6 30. Rh5 Qh7 31. Qxh7+ Kxh7 32. Bh3 Rf8 33. Re6 Rg6
34. Bf5 Rxf5 35. Re7+ Rg7 36. Rxg7+ Kxg7 37. Rxf5 Bc1 38. a4 Kg6 39. Re5 Kf7
40. Ke2 a5 41. Rf5+ Ke7 42. Rh5 Kd8 43. Rh7 Kc8 44. Rf7 Bb2 45. Kd3 Bc1 46. f4
Kb8 47. f5 Bh6 48. f6 1-0

[Event "Pyramiden Cup 2016"]
[Site "Fuerth"]
[Date "2016.09.02"]
[Round "2.50"]
[White "Mitin, Daniel"]
[Black "Schloetterer, Hermann"]
[Result "0-1"]
[WhiteElo "1146"]
[BlackElo "1843"]
[PlyCount "100"]
[EventDate "2016.??.??"]
[WhiteTeam "SG Büchenbach/Roth"]
[BlackTeam "Zabo-Eintracht Nürnberg"]

1. e4 Nf6 2. Nc3 e5 3. Bc4 Bc5 4. Nf3 d6 5. d3 c6 6. Bg5 Bg4 7. h3 Bh5 8. O-O
O-O 9. g4 Bg6 10. Nh4 Kh8 11. Kh1 Nbd7 12. f4 exf4 13. Rxf4 Be3 14. Bxf6 Nxf6
15. Rf3 Bg5 16. Nf5 Bxf5 17. Rxf5 Bh4 18. g5 Nd7 19. Qg4 g6 20. Rxf7 Rxf7 21.
Bxf7 Bxg5 22. d4 Qe7 23. Qe6 Kg7 24. Qxe7 Bxe7 25. Rf1 Rf8 26. Bc4 Bf6 27. Ne2
Re8 28. Bd3 Bg5 29. Rg1 Bh6 30. h4 Nf6 31. Ng3 Kh8 32. Rf1 Bg7 33. c4 Re7 34.
b3 Ng4 35. h5 Bxd4 36. hxg6 hxg6 37. Rf8+ Kg7 38. Rd8 Nf2+ 39. Kg2 Nxd3 40.
Rxd6 c5 41. Kf3 Rf7+ 42. Kg2 Ne1+ 43. Kh3 Rf3 44. Rd7+ Rf7 45. Rd5 Kf8 46. Rg5
Rh7+ 47. Kg4 Kf7 48. e5 Rg7 49. a4 Ke6 50. Ne4 Be3 0-1

[Event "Pyramiden Cup 2016"]
[Site "Fuerth"]
[Date "2016.09.02"]
[Round "2.51"]
[White "Adiyaman, Rene"]
[Black "Braeuer, Franz"]
[Result "0-1"]
[WhiteElo "1882"]
[BlackElo "2406"]
[PlyCount "38"]
[EventDate "2016.??.??"]
[WhiteTeam "DBSB"]
[BlackTeam "Erfurter SK"]

1. e4 e6 2. d4 d5 3. Nd2 Nf6 4. e5 Nfd7 5. Bd3 c5 6. c3 b6 7. Qe2 cxd4 8. cxd4
Nc6 9. Ngf3 Nb4 10. Bb5 Nc2+ 11. Kd1 Nxa1 12. Qd3 a6 13. Bc6 Ra7 14. Qb1 Rc7
15. Bxd7+ Bxd7 16. Qxa1 Bb5 17. Qb1 Qc8 18. Ne1 Rxc1+ 19. Qxc1 Be2+ 0-1

[Event "Pyramiden Cup 2016"]
[Site "Fuerth"]
[Date "2016.09.02"]
[Round "2.52"]
[White "Lindenmair, Anton"]
[Black "Noeckler, Alexander"]
[Result "1-0"]
[WhiteElo "1997"]
[BlackElo "1887"]
[PlyCount "69"]
[EventDate "2016.??.??"]
[WhiteTeam "DBSB"]
[BlackTeam "SK Weiden"]

1. d4 d5 2. c4 e6 3. Nf3 Nf6 4. g3 c6 5. Qc2 Be7 6. Bg2 O-O 7. O-O Nbd7 8. Nbd2
Qc7 9. e4 dxe4 10. Nxe4 Nxe4 11. Qxe4 Nf6 12. Qe2 h6 13. Bf4 Bd6 14. Ne5 c5 15.
dxc5 Qxc5 16. Rfd1 Bc7 17. a3 a5 18. b4 Qe7 19. c5 Rd8 20. Rxd8+ Bxd8 21. Rd1
axb4 22. axb4 Bc7 23. Qc4 Bxe5 24. Bxe5 Nd7 25. Bb2 Kh8 26. c6 bxc6 27. Bxc6
Rb8 28. Bxd7 Bxd7 29. Qd4 f6 30. Qxd7 Qxd7 31. Rxd7 Rxb4 32. Ba3 Rb8 33. Kg2 e5
34. Be7 Kh7 35. Bxf6 1-0

[Event "Pyramiden Cup 2016"]
[Site "Fuerth"]
[Date "2016.09.02"]
[Round "2.53"]
[White "Bader, Dominic"]
[Black "Eichstaedt, Mirko"]
[Result "0-1"]
[WhiteElo "2066"]
[BlackElo "2236"]
[PlyCount "90"]
[EventDate "2016.??.??"]
[WhiteTeam "SG Büchenbach/Roth"]
[BlackTeam "DBSB"]

1. e4 c5 2. Nf3 e6 3. d4 cxd4 4. Nxd4 Nc6 5. Nc3 Qc7 6. Be2 a6 7. O-O Nf6 8. a3
Nxd4 9. Qxd4 Bd6 10. Kh1 Be5 11. Qd3 d6 12. Nd1 Nd7 13. f4 Bf6 14. Be3 b6 15.
c4 Bb7 16. Bf3 O-O 17. Rc1 Rac8 18. b4 Rfd8 19. Nf2 Qb8 20. Rfd1 Be7 21. Qb3
Qa8 22. a4 Kh8 23. h3 Bf8 24. Rb1 f5 25. Re1 Bxe4 26. Nxe4 fxe4 27. Bg4 Re8 28.
c5 dxc5 29. Bxe6 Qc6 30. Bd5 Qc7 31. Rbc1 Bd6 32. Rf1 Nf6 33. Be6 Rb8 34. f5
Nh5 35. Rf2 Bg3 36. Rd2 Red8 37. Rxd8+ Qxd8 38. Rd1 Qh4 39. bxc5 bxc5 40. Qd5
Bc7 41. Qxc5 Qg3 42. Kg1 Qh2+ 43. Kf1 Qh1+ 44. Bg1 Nf4 45. Qc2 Bb6 0-1

[Event "Pyramiden Cup 2016"]
[Site "Fuerth"]
[Date "2016.09.02"]
[Round "2.54"]
[White "Riegler, Dieter"]
[Black "Cofman, Veaceslav"]
[Result "0-1"]
[WhiteElo "2054"]
[BlackElo "2145"]
[PlyCount "66"]
[EventDate "2016.??.??"]
[WhiteTeam "DBSB"]
[BlackTeam "SC Untergrombach"]

1. d4 d5 2. c4 Nc6 3. Nc3 Nf6 4. Nf3 e6 5. Bg5 Be7 6. e3 Ne4 7. Bxe7 Qxe7 8.
cxd5 Nxc3 9. bxc3 exd5 10. Bd3 O-O 11. Qb3 Rd8 12. O-O Rb8 13. Rae1 Qf6 14. e4
Be6 15. e5 Qf4 16. Qc2 Qh6 17. Nd2 g6 18. f4 Ne7 19. Re3 b6 20. Qd1 c5 21. g4
Nc6 22. Rg3 cxd4 23. Bb5 dxc3 24. Bxc6 cxd2 25. Qxd2 Qf8 26. Ba4 f5 27. Bc2
Rbc8 28. Bb1 Kh8 29. g5 Rc7 30. h4 Rdc8 31. Rd1 Rc4 32. h5 Qb4 33. hxg6 Qxd2
0-1

[Event "Pyramiden Cup 2016"]
[Site "Fuerth"]
[Date "2016.09.02"]
[Round "2.55"]
[White "Dippel, Joerg"]
[Black "Weissig, Kersten"]
[Result "1-0"]
[WhiteElo "1799"]
[BlackElo "1232"]
[PlyCount "57"]
[EventDate "2016.??.??"]
[WhiteTeam "SC And Nbg"]
[BlackTeam "SV Deggendorf"]

1. e4 c6 2. Nc3 e5 3. Nf3 d6 4. a4 a5 5. Bc4 Be7 6. O-O Nf6 7. d3 Bg4 8. h3 Bh5
9. Be3 Nbd7 10. g4 Nxg4 11. hxg4 Bxg4 12. Kg2 Bh4 13. Rh1 Bf6 14. Qd2 Qe7 15.
Nh2 Be6 16. Ba2 h5 17. Rag1 Bxa2 18. Nxa2 Qe6 19. Nc1 h4 20. Qe2 d5 21. Nb3 d4
22. Bd2 c5 23. Nc1 Ra6 24. b3 Ke7 25. Qf3 Nf8 26. Kf1 Ng6 27. Ng4 Qd7 28. Nxf6
Rxf6 29. Bg5 1-0

[Event "Pyramiden Cup 2016"]
[Site "Fuerth"]
[Date "2016.09.02"]
[Round "2.56"]
[White "Suess, Helmut"]
[Black "Plinz, Tim"]
[Result "1-0"]
[WhiteElo "1910"]
[BlackElo "1060"]
[PlyCount "93"]
[EventDate "2016.??.??"]
[WhiteTeam "SC NT Nürnberg"]
[BlackTeam "SK Schwanstetten"]

1. d4 d5 2. Bf4 Nf6 3. e3 Bf5 4. c4 e6 5. Nc3 dxc4 6. Bxc4 Bd6 7. Nge2 O-O 8.
O-O Nc6 9. f3 Re8 10. Bxd6 cxd6 11. Ng3 Bg6 12. b4 d5 13. Bb5 a6 14. Bxc6 bxc6
15. f4 Qd7 16. Na4 Qc7 17. Nc5 Nd7 18. Nxd7 Qxd7 19. Qd2 f6 20. Qc3 Rac8 21.
Rac1 Qd6 22. Rf2 h5 23. Qc5 Qxc5 24. Rxc5 h4 25. Ne2 Rc7 26. Nc1 Rb8 27. Ra5
Rb6 28. Nb3 Ra7 29. Nc5 Kf7 30. Rb2 Rb5 31. Rxa6 Rxa6 32. Nxa6 Rb7 33. Nc5 Ra7
34. a4 Ke7 35. Kf2 Kd6 36. b5 cxb5 37. Rxb5 Be8 38. Rb6+ Ke7 39. Rxe6+ Kf7 40.
Rd6 Bxa4 41. Nxa4 Rxa4 42. Rxd5 Ra2+ 43. Kf3 Ra3 44. Rh5 Ke6 45. Rxh4 Kf7 46.
f5 Ra5 47. Rf4 1-0

[Event "Pyramiden Cup 2016"]
[Site "Fuerth"]
[Date "2016.09.02"]
[Round "2.57"]
[White "Weissig, Timon"]
[Black "Braun, Kristin"]
[Result "0-1"]
[WhiteElo "1020"]
[BlackElo "1853"]
[PlyCount "56"]
[EventDate "2016.??.??"]
[WhiteTeam "SV Deggendorf"]
[BlackTeam "SC Forchheim"]

1. e4 c5 2. Nc3 Nc6 3. Bc4 Nf6 4. Nf3 d6 5. h3 g6 6. d3 Bg7 7. O-O O-O 8. Bg5
Rb8 9. Rb1 a6 10. a3 b5 11. Bd5 Bd7 12. b3 Na7 13. b4 Qc7 14. Bd2 c4 15. Bf4
Nh5 16. Ne2 Nxf4 17. Nxf4 e6 18. Bxc4 bxc4 19. Qc1 cxd3 20. cxd3 Rfc8 21. d4
Bh6 22. g3 Qxc1 23. Rfxc1 Bxf4 24. gxf4 Rxc1+ 25. Rxc1 Rc8 26. Rb1 Nb5 27. a4
Nc3 28. Rc1 Ne2+ 0-1

[Event "Pyramiden Cup 2016"]
[Site "Fuerth"]
[Date "2016.09.02"]
[Round "2.58"]
[White "Petrashov, Alexander"]
[Black "Suva, Karl"]
[Result "1-0"]
[WhiteElo "1785"]
[BlackElo "1646"]
[PlyCount "39"]
[EventDate "2016.??.??"]
[WhiteTeam "SC NT Nürnberg"]
[BlackTeam "vereinslos"]

1. d4 b6 2. c4 Bb7 3. Nc3 h6 4. e4 e6 5. Bd3 c5 6. d5 g5 7. Nge2 Bg7 8. O-O Ne7
9. f4 f6 10. Be3 a6 11. Bc2 exd5 12. exd5 d6 13. Ng3 Nd7 14. Nce4 Qc7 15. Nh5
Kf7 16. fxg5 hxg5 17. Nxg5+ Kg8 18. Ne6 Qc8 19. Qg4 Nf5 20. Bxf5 1-0

[Event "Pyramiden Cup 2016"]
[Site "chess24.com"]
[Date "2016.09.02"]
[Round "2.1"]
[White "Kunin, Vitaly"]
[Black "Pfadenhauer, Johannes"]
[Result "1-0"]
[WhiteElo "2592"]
[BlackElo "2061"]
[PlyCount "49"]
[EventDate "2016.??.??"]
[WhiteTeam "Deutschland"]
[BlackTeam "Deutschland"]
[WhiteTeamCountry "GER"]
[BlackTeamCountry "GER"]
[WhiteClock "0:47:48"]
[BlackClock "0:25:10"]

1. d4 Nf6 2. c4 c6 3. Nc3 a6 4. e4 d6 5. Bg5 Qa5 6. Qd2 b5 7. Bxf6 gxf6 8. Bd3
Rg8 9. Nge2 f5 10. cxb5 cxb5 11. O-O Bb7 12. f3 b4 13. Nd1 fxe4 14. Bxe4 Bxe4
15. fxe4 Nd7 16. Qf4 Qh5 17. Ng3 Qg6 18. Ne3 Bh6 19. Qf3 Bxe3+ 20. Qxe3 h5 21.
Qf3 Rb8 22. Nxh5 Rb5 23. Rac1 Kd8 24. Ng3 Rh8 25. Nf5 1-0

[Event "Pyramiden Cup 2016"]
[Site "chess24.com"]
[Date "2016.09.02"]
[Round "2.2"]
[White "Walter, Thomas"]
[Black "Fedorovsky, Michael"]
[Result "0-1"]
[WhiteElo "2163"]
[BlackElo "2497"]
[PlyCount "64"]
[EventDate "2016.??.??"]
[WhiteTeam "Deutschland"]
[BlackTeam "Deutschland"]
[WhiteTeamCountry "GER"]
[BlackTeamCountry "GER"]
[WhiteClock "0:25:26"]
[BlackClock "0:26:08"]

1. e4 e5 2. Nf3 Nc6 3. Bb5 a6 4. Bxc6 dxc6 5. O-O Bg4 6. h3 h5 7. d3 Qf6 8.
Nbd2 Ne7 9. Nc4 Bxf3 10. Qxf3 Qxf3 11. gxf3 Ng6 12. Be3 O-O-O 13. Rfd1 f6 14.
Kf1 Bd6 15. Ke2 Nf8 16. Rg1 Ne6 17. Rg6 Kd7 18. c3 c5 19. Rd1 b6 20. h4 Ke7 21.
Rgg1 Kf7 22. d4 cxd4 23. Bc1 b5 24. Na5 c5 25. c4 Bc7 26. Bd2 Bxa5 27. Bxa5 Rb8
28. b3 bxc4 29. Rb1 c3 30. a4 Nf4+ 31. Kd1 c4 32. Kc2 cxb3+ 0-1

[Event "Pyramiden Cup 2016"]
[Site "chess24.com"]
[Date "2016.09.02"]
[Round "2.3"]
[White "Krivoborodov, Egor"]
[Black "Suess, Stefan"]
[Result "1-0"]
[WhiteElo "2519"]
[BlackElo "2049"]
[PlyCount "105"]
[EventDate "2016.??.??"]
[WhiteTeam "Russland"]
[BlackTeam "Deutschland"]
[WhiteTeamCountry "RUS"]
[BlackTeamCountry "GER"]
[WhiteClock "0:11:55"]
[BlackClock "0:07:39"]

1. Nf3 Nf6 2. g3 g6 3. Bg2 Bg7 4. O-O O-O 5. b3 d5 6. Bb2 c5 7. c4 d4 8. b4 Nc6
9. b5 Na5 10. d3 Rb8 11. Bc1 b6 12. Bf4 Ra8 13. Bd2 Nb7 14. Ne5 Nd7 15. Nc6 Qe8
16. a4 a5 17. bxa6 Rxa6 18. Na3 Ne5 19. Nxe5 Bxe5 20. Nb5 Na5 21. Bh6 Bd7 22.
Qc2 Qb8 23. Bxf8 Kxf8 24. Rab1 Bc6 25. e3 Bxg2 26. Kxg2 Qb7+ 27. Kg1 Nc6 28. f4
Bg7 29. e4 Qd7 30. e5 Nb4 31. Qd1 h5 32. Qf3 Kg8 33. Qe4 Qg4 34. Nxd4 Rxa4 35.
Nf3 Ra3 36. Rbd1 f5 37. Qe3 Bh6 38. Rd2 h4 39. Nxh4 g5 40. Ng2 Nc6 41. Qf3 Qxf3
42. Rxf3 Nd4 43. Rf1 g4 44. Nh4 Bf8 45. Rb1 e6 46. Rxb6 Be7 47. Rb8+ Kf7 48.
Rb7 Ke8 49. Kf2 Ra1 50. Rdb2 Rd1 51. Ng6 Bd8 52. Rh7 Nf3 53. Rbb7 1-0

[Event "Pyramiden Cup 2016"]
[Site "chess24.com"]
[Date "2016.09.02"]
[Round "2.4"]
[White "Brem, Stephan"]
[Black "Ikonnikov, Vyacheslav"]
[Result "0-1"]
[WhiteElo "2114"]
[BlackElo "2536"]
[PlyCount "52"]
[EventDate "2016.??.??"]
[WhiteTeam "Deutschland"]
[BlackTeam "Russland"]
[WhiteTeamCountry "GER"]
[BlackTeamCountry "RUS"]
[WhiteClock "0:14:31"]
[BlackClock "1:07:54"]

1. Nc3 c5 2. e4 Nc6 3. f4 g6 4. Nf3 Bg7 5. a4 e6 6. Bb5 Nge7 7. O-O O-O 8. Bxc6
Nxc6 9. d3 b6 10. Qe1 d6 11. Bd2 f5 12. Qg3 Bb7 13. h4 Nd4 14. h5 gxh5 15. Qh3
Nxc2 16. Rac1 Nd4 17. Qxh5 Qe8 18. Qh3 a6 19. Rce1 Qg6 20. Nh4 Qg4 21. exf5
Qxh3 22. gxh3 exf5 23. Re7 Rf7 24. Rxf7 Kxf7 25. Kf2 Bf6 26. Ng2 Rg8 0-1

[Event "Pyramiden Cup 2016"]
[Site "chess24.com"]
[Date "2016.09.02"]
[Round "2.5"]
[White "Bildt, Maximilian"]
[Black "Belezky, Alexander"]
[Result "1/2-1/2"]
[WhiteElo "2020"]
[BlackElo "2416"]
[PlyCount "69"]
[EventDate "2016.??.??"]
[WhiteTeam "Deutschland"]
[BlackTeam "Ukraine"]
[WhiteTeamCountry "GER"]
[BlackTeamCountry "UKR"]
[WhiteClock "0:16:23"]
[BlackClock "0:25:53"]

1. e4 c5 2. Nf3 d6 3. d4 cxd4 4. Nxd4 Nf6 5. Nc3 g6 6. Be3 Bg7 7. f3 a6 8. Qd2
h5 9. Bc4 b5 10. Bb3 Bb7 11. Nd5 Nbd7 12. O-O Nc5 13. Nxf6+ Bxf6 14. Bd5 Qd7
15. Rac1 O-O 16. Bxb7 Qxb7 17. c4 Rfc8 18. b3 Nd7 19. cxb5 axb5 20. Rxc8+ Rxc8
21. Rc1 Ra8 22. Rc2 d5 23. Qd3 Bxd4 24. Qxd4 dxe4 25. fxe4 e5 26. Qd5 Qxd5 27.
exd5 Kf8 28. d6 Ra6 29. Bh6+ Kg8 30. Rc8+ Kh7 31. Bf8 Nxf8 32. Rxf8 Rxd6 33.
Rxf7+ Kh6 34. Re7 Rd5 35. h4 1/2-1/2

[Event "Pyramiden Cup 2016"]
[Site "chess24.com"]
[Date "2016.09.02"]
[Round "2.6"]
[White "Colpe, Malte"]
[Black "Eck, Mathias"]
[Result "1/2-1/2"]
[WhiteElo "2385"]
[BlackElo "2080"]
[PlyCount "98"]
[EventDate "2016.??.??"]
[WhiteTeam "Deutschland"]
[BlackTeam "Deutschland"]
[WhiteTeamCountry "GER"]
[BlackTeamCountry "GER"]
[WhiteClock "0:04:17"]
[BlackClock "0:01:31"]

1. d4 Nf6 2. c4 e6 3. Nf3 c5 4. d5 exd5 5. cxd5 Bd6 6. Nc3 O-O 7. g3 a6 8. a4
Re8 9. Bg2 Bc7 10. d6 Ba5 11. O-O Bxc3 12. bxc3 Ne4 13. Be3 Qf6 14. Qd3 Qxd6
15. Qxd6 Nxd6 16. Bxc5 Ne4 17. Bd4 Nc6 18. e3 d6 19. Rfb1 Na5 20. Rb4 Nc6 21.
Rb6 Na5 22. Ne1 d5 23. f3 Nd2 24. Kf2 Ndc4 25. Rb4 Bf5 26. g4 Bg6 27. h4 h6 28.
Bf1 Re7 29. Bxc4 Nxc4 30. Ng2 f6 31. Nf4 Bf7 32. Rab1 Na5 33. Rb6 Rc8 34. R6b4
Rc4 35. Bb6 Nc6 36. Rxc4 dxc4 37. Rd1 Ne5 38. Rd8+ Kh7 39. Bd4 Rd7 40. Rc8 g5
41. hxg5 hxg5 42. Ne2 Nd3+ 43. Kg2 Kg6 44. Ng3 Bd5 45. Rf8 Rf7 46. Rd8 Bc6 47.
Nf5 Ne1+ 48. Kg3 Nxf3 49. a5 Nd2 1/2-1/2

[Event "Pyramiden Cup 2016"]
[Site "chess24.com"]
[Date "2016.09.02"]
[Round "2.7"]
[White "Wenninger, Philipp"]
[Black "Muetsch, Annmarie"]
[Result "0-1"]
[WhiteElo "2356"]
[BlackElo "1966"]
[PlyCount "113"]
[EventDate "2016.??.??"]
[WhiteTeam "Deutschland"]
[BlackTeam "Deutschland"]
[WhiteTeamCountry "GER"]
[BlackTeamCountry "GER"]
[WhiteClock "0:00:29"]
[BlackClock "0:00:27"]

1. d4 Nf6 2. c4 e6 3. Nc3 Bb4 4. e3 b6 5. Nge2 Ne4 6. Bd2 Nxd2 7. Qxd2 Bb7 8.
a3 Be7 9. d5 e5 10. g3 a5 11. Bg2 d6 12. O-O O-O 13. f4 Nd7 14. Qc2 g6 15. f5
Bg5 16. e4 Nf6 17. Rf3 Qe7 18. Bh3 h5 19. Raf1 Bh6 20. Qd3 g5 21. R3f2 g4 22.
Bg2 Bg5 23. h4 gxh3 24. Bxh3 Kg7 25. Rg2 Rh8 26. Kf2 c6 27. dxc6 Bxc6 28. Ng1
Kf8 29. Nf3 Bh6 30. Ke2 Rd8 31. Re1 Rg8 32. Kd1 b5 33. Kc2 b4 34. Nd5 Bxd5 35.
cxd5 Rb8 36. Kb1 Qb7 37. Ree2 Nd7 38. Rc2 f6 39. Rc6 Nc5 40. Qc2 Qb5 41. Rf2
bxa3 42. Rxd6 Rxg3 43. Rxf6+ Kg7 44. Rg6+ Rxg6 45. fxg6 Rf8 46. Qc3 Qd3+ 47.
Qxd3 Nxd3 48. Rf1 axb2 49. Kc2 Nc5 50. Bf5 Bf4 51. Kxb2 Rb8+ 52. Ka2 Nd3 53.
Rd1 Nc1+ 54. Ka1 Nb3+ 55. Ka2 Nc1+ 56. Ka3 Ne2 57. Ka4 0-1

[Event "Pyramiden Cup 2016"]
[Site "chess24.com"]
[Date "2016.09.02"]
[Round "2.8"]
[White "Redzepovic, Irfan"]
[Black "Milov, Leonid"]
[Result "1/2-1/2"]
[WhiteElo "2124"]
[BlackElo "2430"]
[PlyCount "60"]
[EventDate "2016.??.??"]
[WhiteTeam "Deutschland"]
[BlackTeam "Deutschland"]
[WhiteTeamCountry "GER"]
[BlackTeamCountry "GER"]
[WhiteClock "0:53:34"]
[BlackClock "0:38:17"]

1. d4 Nf6 2. c4 c5 3. d5 a6 4. a4 e6 5. Nc3 exd5 6. cxd5 d6 7. e4 g6 8. h3 Bg7
9. Nf3 O-O 10. Bd3 Nh5 11. O-O Nd7 12. Re1 Ne5 13. Be2 Nxf3+ 14. Bxf3 Qh4 15.
Bxh5 gxh5 16. Qd2 Be5 17. Qg5+ Qxg5 18. Bxg5 Kh8 19. f4 Bd4+ 20. Kh2 f6 21. Bh4
Bd7 22. Ne2 Be3 23. Ra3 Bd2 24. Rd1 Bb4 25. Raa1 Kg7 26. f5 Rae8 27. Nf4 Rxe4
28. Nxh5+ Kf7 29. Nxf6 Rxh4 30. Nxd7 Re8 1/2-1/2